Podział administracyjny Łotwy - Statystyki

Ogólne statystyki
  • Ten quiz został rozwiązany 9 razy
  • Średni wynik to 4 z 43
Statystyki odpowiedzi
Nazwa jednostki administracyjnej Nazwa % Poprawnych
Miasto Wydzielone Ryga
100%
Miasto Wydzielone Dyneburg
57%
Novads Windawa
57%
Miasto Wydzielone Windawa
57%
Miasto Wydzielone Lipawa
43%
Novads Ogre
29%
Novads Jełgawa
14%
Miasto Wydzielone Jełgawa
14%
Miasto Wydzielone Jurmała
14%
Novads Kieś
14%
Novads Madona
14%
Novads Tukums
14%
Novads Ādaži
0%
Novads Aizkraukle
0%
Novads Aluksne
0%
Novads Balvi
0%
Novads Bauska
0%
Novads Dobele
0%
Novads Górna Dźwina
0%
Novads Gulbene
0%
Novads Jēkabplis
0%
Novads Kekava
0%
Novads Krasław
0%
Novads Kuldyga
0%
Novads Kurlandia Południowa
0%
Novads Limbaži
0%
Novads Livāni
0%
Novads Lucyn
0%
Novads Mārupe
0%
Novads Olaine
0%
Novads Preili
0%
Novads Ropaži
0%
Novads Rzeżyca
0%
Miasto Wydzielone Rzeżyca
0%
Novads Salasplis
0%
Novads Saldus
0%
Novads Saulkrasti
0%
Novads Sigulda
0%
Novads Smiltene
0%
Novads Talsi
0%
Novads Valka
0%
Novads Valmiera
0%
Novads Varaklāni
0%
Nie znaleziono quizów pasujących do podanych kryteriów
Rozkład punktacji
Procent ludzi z każdym wynikiem
Percentyl według liczby udzielonych odpowiedzi
Twoja historia wyników
Nie rozwiązałeś tego quizu